On the sidelines : gendered neoliberalism and the American female sportscaster /

Bibliographic Details
Main Author: Harrison, Guy (College teacher) (Author)
Format: eBook
Language:English
Published: Lincoln : University of Nebraska Press, [2021]
Series:Sports, media, and society.
Subjects:
Online Access:Connect to the full text of this electronic book

MARC

Tag First Indicator Second Indicator Subfields
LEADER 00000cam a22000001i 4500
001 in00004451239
005 20211018102852.0
006 m |o d |
007 cr |n|||||||||
008 210822s2021 xx ob 001 0 eng d
020 |a 9781496227423 (electronic bk.) 
020 |a 1496227425 (electronic bk.) 
020 |z 9781496220271 
020 |z 1496220277 
020 |z 9781496226464 
020 |z 1496226461 
035 |a (NhCcYBP)jstor22573/CTV1S5833Z 
040 |a NhCcYBP  |c NhCcYBP  |d UtOrBLW 
043 |a n-us--- 
050 4 |a PN4784.S6  |b H375 2021 
082 0 4 |a 070.4/49796  |2 23 
100 1 |a Harrison, Guy  |c (College teacher),  |e author.  |0 http://id.loc.gov/authorities/names/n2020068548 
245 1 0 |a On the sidelines :  |b gendered neoliberalism and the American female sportscaster /  |c Guy Harrison ; foreword by Julie DiCaro. 
264 1 |a Lincoln :  |b University of Nebraska Press,  |c [2021] 
300 |a 1 online resource. 
336 |a text  |b txt  |2 rdacontent 
337 |a computer  |b c  |2 rdamedia 
338 |a online resource  |b cr  |2 rdacarrier 
490 1 |a Sports, media, and society 
500 |a Description based on print version record. 
504 |a Includes bibliographical references and index. 
505 0 |a The pregame show -- Postfeminism, white femininity, and sportscasting's gendered (and racialized) double standards -- Sportscasting's glass booth -- Gendered offline and online harassment in sportscasting -- The woman sportscaster's affetive labor -- The postgame show. 
588 |a Description based on print version record. 
500 |a Electronic resource. 
650 0 |a Sports journalism  |z United States. 
650 0 |a Women sportscasters  |z United States. 
650 0 |a Sexual harassment  |z United States.  |0 http://id.loc.gov/authorities/subjects/sh2010112867 
650 0 |a Neoliberalism  |z United States. 
650 0 |a Feminism  |z United States.  |0 http://id.loc.gov/authorities/subjects/sh2008120308 
655 7 |a Electronic books.  |2 local 
700 1 |a DiCaro, Julie,  |e other.  |0 http://id.loc.gov/authorities/names/no2015149057 
776 1 8 |c Original  |z 9781496220271  |z 1496220277  |z 9781496226464  |z 1496226461  |w (DLC) 2020051244 
830 0 |a Sports, media, and society.  |0 http://id.loc.gov/authorities/names/no2017155897 
856 4 0 |u http://proxy.library.tamu.edu/login?url=https://www.jstor.org/stable/10.2307/j.ctv1s5nzpr  |z Connect to the full text of this electronic book  |t 0 
955 |a JSTOR DDA record 
999 f f |s 3ec828db-622b-37c2-b9ea-6de0290b21d4  |i 5d02f25e-fc02-3cfc-99dd-b6c7fc9f6128  |t 0 
952 f f |a Texas A&M University  |b College Station  |c Electronic Resources  |d Available Online  |t 0  |e PN4784.S6 H375 2021  |h Library of Congress classification 
998 f f |a PN4784.S6 H375 2021  |t 0  |l Available Online